| 000 | 01124 a2200265 4500 | ||
|---|---|---|---|
| 020 | _a0071115536 | ||
| 020 | _a9780071115537 | ||
| 090 |
_c486 _d486 |
||
| 100 | 1 | _aChase, Richard B. | |
| 245 | 1 | 0 |
_aOperations management for competitive advantage : _bwith student dvd and olc card / _cRichard B. Chase. |
| 250 | _a11th ed. | ||
| 260 |
_a[S.l.] : _bMcGraw-Hill Publishing Co., _c2005. |
||
| 300 |
_a806 p. ; _c28 cm. |
||
| 500 | _aPaperback. | ||
| 520 | _aJacobs and Chase continue to lead the field of Operations Management with cutting edge up to date content, technology, and motivation. | ||
| 650 | 4 | _aManagement & Business: General. | |
| 650 | 4 | _aOperational research. | |
| 650 | 4 | _aProduction & quality control management. | |
| 650 | 4 | _aBUSINESS & ECONOMICS / Quality Control. | |
| 650 | 4 | _aBusiness & Economics / Production & Operations Management. | |
| 700 | 1 | _aJacobs, F.Robert. | |
| 856 | 4 | 0 |
_3Amazon.com _uhttp://www.amazon.com/exec/obidos/ASIN/0071115536/chopaconline-20 |
| 856 | 4 | 0 |
_3Amazon customer reviews _uhttp://www.chopac.org/cgi-bin/tools/azrev.pl?q=0071115536 |
| 942 |
_aNBS _cBK _k658.5 CHA |
||
| 999 |
_c343045 _d343045 |
||